Online
Catalog

Clamor de justicia en la Española 1502-1795. (Record no. 26766)

MARC details
000 -CABECERA
campo de control de longitud fija 00468nam a2200157 a 4500
001 - NÚMERO DE CONTROL
campo de control 000027274
005 - FECHA Y HORA DE LA ÚLTIMA TRANSACCIÓN
campo de control 20240322181140.0
008 - DATOS DE LONGITUD FIJA--INFORMACIÓN GENERAL
campo de control de longitud fija 110331s1971 dr 000 0 spa d
040 ## - FUENTE DE LA CATALOGACIÓN
Centro catalogador/agencia de origen DO-SdBNP
Lengua de catalogación spa
Centro/agencia transcriptor BNPHU
082 ## - NÚMERO DE LA CLASIFICACIÓN DECIMAL DEWEY
Número de clasificación xxxx
Número de documento/Ítem N789c
100 1# - ENTRADA PRINCIPAL--NOMBRE DE PERSONA
Nombre de persona Nolasco, Flérida de,
Fechas asociadas al nombre 1891-1976
9 (RLIN) 35151
245 10 - MENCIÓN DE TÍTULO
Título Clamor de justicia en la Española 1502-1795.
260 ## - PUBLICACIÓN, DISTRIBUCIÓN, ETC.
Lugar de publicación, distribución, etc. Santo Domingo :
Nombre del editor, distribuidor, etc. Editora del Caribe,
Fecha de publicación, distribución, etc. 1971.
300 ## - DESCRIPCIÓN FÍSICA
Extensión 234 p.
504 ## - NOTA DE BIBLIOGRAFÍA, ETC.
Nota de bibliografía, etc. Bibliografía : p. 231-234
Holdings
Estado de retiro Estado de pérdida Restricciones de uso No para préstamo Código de colección Localización permanente Ubicación/localización actual Ubicación en estantería Fecha de adquisición Número de inventario Total de préstamos Signatura topográfica completa Código de barras Fecha visto por última vez Número de copia Precio válido a partir de Tipo de ítem Koha Nota pública
    Préstamo interno   Dominicana de Servicio General General Depósito 22.06.2011 LF1   xxxx N789c 27274-30 25.06.2020 e. 3 25.06.2020 Libro y Folleto Colección Dominicana de Servicio Perteneció a la biblioteca personal de Carlos Larrazábal Blanco.
    Préstamo interno   Dominicana de Servicio General General Depósito 21.06.2013 LF1   xxxx N789c 27274-40 25.06.2020 e. 4 25.06.2020 Libro y Folleto Colección Dominicana de Servicio  
    Préstamo interno   Dominicana de Servicio General General Depósito 21.06.2013 LF1   xxxx N789c 27274-50 25.06.2020 e. 5 25.06.2020 Libro y Folleto Colección Dominicana de Servicio  
        Patrimonio Dominicano General General Orden iniciada 26.07.2013 LF1   xxxx N789c 27274-60 25.06.2020   25.06.2020 Libro y Folleto Colección Patrimonio Dominicano  
      Excluido de préstamo Patrimonio Dominicano Patrimonio Dominicano Patrimonio Dominicano Depósito 31.03.2011 LF1   xxxx N789c 27274-10 25.06.2020   25.06.2020 Libro y Folleto Colección Patrimonio Dominicano Perteneció a la biblioteca personal de Germán Emilio Ornes. Dedicado
      Excluido de préstamo Patrimonio Dominicano Patrimonio Dominicano Patrimonio Dominicano Depósito 06.04.2011 LF1   xxxx N789c 27274-20 25.06.2020 e. 2 25.06.2020 Libro y Folleto Colección Patrimonio Dominicano Perteneció a la biblioteca personal de Germán Emilio Ornes. Dedicado

Powered by Koha